| 000 | 01059nam a2200253Ia 4500 | ||
|---|---|---|---|
| 003 | OSt | ||
| 005 | 20220923225056.0 | ||
| 006 | a|||||r|||| 00| 0 | ||
| 007 | ta | ||
| 008 | 220922b |||||||| |||| 00| 0 hin d | ||
| 024 | _a256,360 | ||
| 037 | _cTextual | ||
| 040 |
_aARTS _cARTS _bhin |
||
| 041 |
_2hin _ahin |
||
| 082 | _aR, 152L3 | ||
| 100 |
_aपैट्रिक, जार्ज ठामस व्हाइठ; मालवीय, उमेश्वर प्रसाद, अनु _9168351 |
||
| 245 | 0 | _aदर्शनशास्त्र का परिचय | |
| 246 | _aDarshanashāstra kā parichaya | ||
| 260 |
_aचण्डीगढ _b हरियाणा हिन्दी ग्रन्थ अकादमी _c1973 |
||
| 300 |
_a514पृ. _ccm. |
||
| 650 | _aभारतीय दर्शन | ||
| 942 |
_hR, 152L3 _cTEXL _2CC |
||
| 999 |
_c375863 _d375863 |
||